[Event "Bayern-chI Bank Hofmann 26th"]
[Site "Tegernsee"]
[Date "2023.11.04"]
[Round "8"]
[White "Manish, Anto Cristiano F"]
[Black "Liepold, Stefan"]
[Result "1-0"]
[WhiteElo "2368"]
[BlackElo "2150"]
[PlyCount "67"]
[EventDate "2023.10.28"]
[EventType "swiss"]
[EventRounds "9"]
[EventCountry "GER"]
[SourceTitle "Mega2024 Update 01"]
[Source "Chessbase"]
[SourceDate "2023.11.12"]
[SourceVersion "1"]
[SourceVersionDate "2023.11.12"]
[SourceQuality "1"]

1. e4 e5 2. Nf3 Nc6 3. Bb5 a6 4. Ba4 Nf6 5. 0-0 Be7 6. Re1 b5 7. Bb3 d6 8. c3 0-0 9. h3 Na5 10. Bc2 c5 11. d4 Nd7 12. Nbd2 Bb7 13. d5 Nb6 14. b3 f5 15. b4 cxb4 16. cxb4 Nac4 17. Nxc4 bxc4 18. Be3 f4 19. Bxb6 Qxb6 20. Nd2 Bh4 21. Qe2 f3 22. Nxf3 Rxf3 23. gxf3 Rf8 24. Kg2 Bc8 25. Rh1 Bd7 26. a4 Qd8 27. Bd1 c3 28. Qe3 Rf6 29. Ra3 Rg6+ 30. Kf1 c2 31. Bxc2 Qc8 32. Rc3 Bxh3+ 33. Ke1 Qd7 34. f4 1-0

[Event "Mittelfranken Landesliga Nord 2223"]
[Site "Mittelfranken"]
[Date "2023.03.05"]
[Round "7.4"]
[White "Braun, Michael1111"]
[Black "Liepold, Stefan"]
[Result "1/2-1/2"]
[WhiteElo "2088"]
[BlackElo "2187"]
[PlyCount "78"]
[EventDate "2022.10.09"]
[EventType "team-tourn"]
[EventRounds "9"]
[EventCountry "GER"]
[SourceTitle "EXT 2024"]
[Source "ChessBase"]
[SourceDate "2023.10.10"]
[SourceVersion "1"]
[SourceVersionDate "2023.10.10"]
[SourceQuality "1"]
[WhiteTeam "Nuernberg NT II"]
[BlackTeam "Erlangen II"]
[WhiteTeamCountry "GER"]
[BlackTeamCountry "GER"]

1. d4 d5 2. c4 dxc4 3. Nf3 Nf6 4. e3 e6 5. Bxc4 c5 6. 0-0 a6 7. b3 b5 8. Be2 Bb7 9. Bb2 Nbd7 10. Nbd2 Be7 11. dxc5 Nxc5 12. Nd4 0-0 13. Bf3 Nd5 14. Qe2 Qb8 15. Ne4 Nxe4 16. Bxe4 g6 17. Bf3 e5 18. Nc2 Rc8 19. Rfd1 Nc3 20. Bxc3 Rxc3 21. Bxb7 Qxb7 22. Rd2 Rac8 23. Rad1 Qc6 24. Ne1 e4 25. g3 Rc1 26. Rxc1 Qxc1 27. Qd1 Qxd1 28. Rxd1 Bb4 29. Kf1 Kf8 30. Ke2 Bxe1 31. Kxe1 Ke7 32. Rd4 f5 33. Kd2 Ke6 34. h4 h6 35. Kd1 g5 36. hxg5 hxg5 37. g4 Rc5 38. gxf5+ Kxf5 39. a4 bxa4 1/2-1/2

[Event "Mittelfranken Landesliga Nord 2223"]
[Site "Mittelfranken"]
[Date "2023.02.05"]
[Round "6.3"]
[White "Basel, Matthias"]
[Black "Liepold, Stefan"]
[Result "0-1"]
[WhiteElo "1977"]
[BlackElo "2187"]
[PlyCount "78"]
[EventDate "2022.10.09"]
[EventType "team-tourn"]
[EventRounds "9"]
[EventCountry "GER"]
[SourceTitle "EXT 2024"]
[Source "ChessBase"]
[SourceDate "2023.10.10"]
[SourceVersion "1"]
[SourceVersionDate "2023.10.10"]
[SourceQuality "1"]
[WhiteTeam "Kitzingen"]
[BlackTeam "Erlangen II"]
[WhiteTeamCountry "GER"]
[BlackTeamCountry "GER"]

1. d4 d5 2. Nf3 Nf6 3. c4 dxc4 4. Nc3 a6 5. a4 Nc6 6. e3 Na5 7. Ne5 Be6 8. e4 Nb3 9. d5 Nxa1 10. Bxc4 Bc8 11. Bg5 h6 12. Be3 e6 13. Qxa1 exd5 14. exd5 Bd6 15. Nf3 0-0 16. 0-0 Ng4 17. h3 Nxe3 18. fxe3 Bc5 19. Qc1 Qe7 20. Nd1 Bf5 21. Qc3 Rae8 22. Nd4 Be4 23. Rf4 Bd6 24. Ne6 fxe6 25. Rxe4 e5 26. Nf2 Qf7 27. Ng4 h5 28. Nh2 Qf2+ 29. Kh1 Rf6 30. Bf1 Ref8 31. Qc4 Qe1 32. Kg1 Qf2+ 33. Kh1 Qxb2 34. Rh4 e4 35. Rxe4 Bxh2 36. Kxh2 Rxf1 37. d6+ Kh8 38. Qd5 R1f5 39. Qxf5 Rxf5 0-1

[Event "BL2-Ost 2122"]
[Site "Germany"]
[Date "2022.06.19"]
[Round "8.7"]
[White "Krstic, Petar"]
[Black "Liepold, Stefan"]
[Result "1/2-1/2"]
[WhiteElo "2296"]
[BlackElo "2176"]
[PlyCount "63"]
[EventDate "2022.03.05"]
[EventType "team-tourn"]
[EventRounds "10"]
[EventCountry "GER"]
[SourceTitle "EXT 2023"]
[Source "ChessBase"]
[SourceDate "2022.10.05"]
[SourceVersion "1"]
[SourceVersionDate "2022.10.05"]
[SourceQuality "1"]
[WhiteTeam "Deggendorf"]
[BlackTeam "Erlangen"]
[WhiteTeamCountry "GER"]
[BlackTeamCountry "GER"]

1. d4 Nf6 2. Nf3 g6 3. Bg5 Bg7 4. Nbd2 d5 5. e3 0-0 6. Be2 c5 7. c3 cxd4 8. exd4 Nc6 9. 0-0 h6 10. Bh4 g5 11. Bg3 Nh5 12. Ne1 Nxg3 13. hxg3 Bf5 14. Bd3 Qd7 15. Bxf5 Qxf5 16. Nc2 Rad8 17. Ne3 Qd7 18. f4 Qe6 19. Qf3 gxf4 20. gxf4 f5 21. Rae1 Qf7 22. Qh3 Rd6 23. Nf3 Rg6 24. Nh4 Rf6 25. Nd1 Re6 26. Ne3 Rf6 27. Rf2 e6 28. Rfe2 b5 29. Nf3 Rg6 30. Nh4 Rf6 31. Nf3 Rg6 32. Nh4 1/2-1/2

[Event "Oberliga Bayern 1920"]
[Site "Bayern"]
[Date "2019.12.08"]
[Round "4.6"]
[White "Liepold, Stefan"]
[Black "Wittmann, Matthias"]
[Result "1-0"]
[WhiteElo "2128"]
[BlackElo "2106"]
[PlyCount "55"]
[EventDate "2019.10.20"]
[EventType "team-tourn"]
[EventRounds "9"]
[EventCountry "GER"]
[SourceTitle "EXT 2021"]
[Source "ChessBase"]
[SourceDate "2020.10.23"]
[SourceVersion "1"]
[SourceVersionDate "2020.10.23"]
[SourceQuality "1"]
[WhiteTeam "Erlangen SC"]
[BlackTeam "Pang/Rosenheim"]
[WhiteTeamCountry "GER"]
[BlackTeamCountry "GER"]

1. e4 Nf6 2. e5 Nd5 3. d4 d6 4. Nf3 g6 5. c4 Nb6 6. exd6 cxd6 7. h3 Bg7 8. Nc3 0-0 9. Be3 Nc6 10. Rc1 e5 11. Be2 h6 12. 0-0 f5 13. d5 Ne7 14. c5 f4 15. cxd6 Nf5 16. Bc5 Nd7 17. Ba3 a6 18. Ne4 b5 19. Qd2 Re8 20. Rc7 Rb8 21. Rfc1 Bb7 22. Bb4 Nf6 23. Nxf6+ Qxf6 24. d7 Red8 25. Bd3 Nd6 26. R1c6 Bxc6 27. dxc6 Ra8 28. Bxd6 1-0

[Event "Mittelfranken-ch HT"]
[Site "Nuremberg"]
[Date "2019.04.20"]
[Round "9.3"]
[White "Liepold, Stefan"]
[Black "Kroneder, Christian"]
[Result "1-0"]
[WhiteElo "2147"]
[BlackElo "2045"]
[PlyCount "20"]
[EventDate "2019.04.16"]
[EventType "swiss"]
[EventRounds "9"]
[EventCountry "GER"]
[SourceTitle "EXT 2022"]
[Source "ChessBase"]
[SourceDate "2021.10.06"]
[SourceVersion "1"]
[SourceVersionDate "2021.10.06"]
[SourceQuality "1"]

1. e4 c5 2. Nf3 d6 3. d4 cxd4 4. Nxd4 Nf6 5. Nc3 a6 6. Bc4 e6 7. 0-0 Be7 8. Bb3 0-0 9. f4 b5 10. a3 Nc6 1-0

[Event "Mittelfranken-ch HT"]
[Site "Nuremberg"]
[Date "2019.04.18"]
[Round "5.4"]
[White "Liepold, Stefan"]
[Black "Erlbeck, Peter"]
[Result "1-0"]
[WhiteElo "2147"]
[BlackElo "2069"]
[PlyCount "81"]
[EventDate "2019.04.16"]
[EventType "swiss"]
[EventRounds "9"]
[EventCountry "GER"]
[SourceTitle "EXT 2022"]
[Source "ChessBase"]
[SourceDate "2021.10.06"]
[SourceVersion "1"]
[SourceVersionDate "2021.10.06"]
[SourceQuality "1"]

1. e4 c5 2. Nf3 Nc6 3. d4 cxd4 4. Nxd4 Nf6 5. Nc3 e6 6. Nxc6 bxc6 7. e5 Nd5 8. Ne4 Qc7 9. f4 Qb6 10. c4 Bb4+ 11. Ke2 Ba6 12. Kf3 f5 13. exf6 Nxf6 14. c5 Bxc5 15. Nxc5 Bxf1 16. Na4 Qb5 17. Rxf1 Qh5+ 18. Kf2 Ng4+ 19. Ke1 Qf5 20. h3 Nf6 21. Qd4 0-0 22. b3 Rae8 23. Qe5 Qg6 24. Ba3 Qg3+ 25. Rf2 Rf7 26. Bd6 Nd5 27. f5 Qh4 28. Kf1 Nf6 29. Re1 h5 30. Qg3 Qd4 31. Be5 Qb4 32. Bxf6 Rxf6 33. Qd3 d5 34. Rxe6 Rfxe6 35. fxe6 Rxe6 36. Kg1 Qe1+ 37. Rf1 Qe5 38. Nc5 Re7 39. Qf3 Qd4+ 40. Qf2 Qxf2+ 41. Kxf2 1-0

[Event "Mittelfranken-ch HT"]
[Site "Nuremberg"]
[Date "2019.04.18"]
[Round "6.3"]
[White "Loellmann, Heinrich"]
[Black "Liepold, Stefan"]
[Result "1/2-1/2"]
[WhiteElo "1921"]
[BlackElo "2147"]
[PlyCount "50"]
[EventDate "2019.04.16"]
[EventType "swiss"]
[EventRounds "9"]
[EventCountry "GER"]
[SourceTitle "EXT 2022"]
[Source "ChessBase"]
[SourceDate "2021.10.06"]
[SourceVersion "1"]
[SourceVersionDate "2021.10.06"]
[SourceQuality "1"]

1. e4 e6 2. d4 d5 3. exd5 exd5 4. Nf3 Bg4 5. Be2 Bd6 6. Be3 Nf6 7. Nbd2 0-0 8. 0-0 Nbd7 9. Re1 Re8 10. Bg5 c6 11. h3 Bh5 12. c3 Qc7 13. Nh4 Bxe2 14. Rxe2 h6 15. Rxe8+ Rxe8 16. Be3 Bh2+ 17. Kh1 Bf4 18. Nf5 Bxe3 19. Nxe3 Qf4 20. Qf3 Qxf3 21. Nxf3 Ne4 22. Kg1 g6 23. Re1 Kf8 24. Kf1 a5 25. Re2 b5 1/2-1/2

[Event "Regionalliga Nord-Ost 1819"]
[Site "Bayern"]
[Date "2019.02.24"]
[Round "7.2"]
[White "Illetsko, Jaroslav"]
[Black "Liepold, Stefan"]
[Result "0-1"]
[WhiteElo "2102"]
[BlackElo "2161"]
[PlyCount "126"]
[EventDate "2018.10.21"]
[EventType "team-tourn"]
[EventRounds "9"]
[EventCountry "GER"]
[SourceTitle "EXT 2022"]
[Source "ChessBase"]
[SourceDate "2021.10.06"]
[SourceVersion "1"]
[SourceVersionDate "2021.10.06"]
[SourceQuality "1"]
[WhiteTeam "Windischeschenbach"]
[BlackTeam "Erlangen SC II"]
[WhiteTeamCountry "GER"]
[BlackTeamCountry "GER"]

1. e4 e6 2. d4 d5 3. Nd2 c5 4. Ngf3 Nf6 5. exd5 exd5 6. dxc5 Bxc5 7. Nb3 Bb6 8. Be2 0-0 9. 0-0 Ne4 10. Nbd4 Nc6 11. Be3 Re8 12. c3 a6 13. Re1 Bc7 14. Bf1 Qd6 15. g3 Qf6 16. Nxc6 bxc6 17. Bg2 Bg4 18. h3 Bd7 19. Qd4 Qg6 20. c4 Nf6 21. c5 Qe4 22. Qd1 Qb4 23. b3 Ne4 24. Rc1 a5 25. Qd4 Qxd4 26. Bxd4 f6 27. Rc2 Kf7 28. a3 Rab8 29. Rb2 Rb7 30. Reb1 Reb8 31. b4 axb4 32. Rxb4 Rxb4 33. Rxb4 Rxb4 34. axb4 h5 35. Kf1 Bc8 36. Ke1 Ba6 37. Nd2 Nxd2 38. Kxd2 g5 39. Ke3 h4 40. gxh4 gxh4 41. f4 Kg6 42. Bf3 Bc8 43. Bg2 Kf5 44. Kf3 Ba6 45. Bf2 Bd3 46. Ke3 Be4 47. Bxe4+ dxe4 48. Bxh4 Bxf4+ 49. Kd4 Be5+ 50. Kc4 Kf4 51. b5 cxb5+ 52. Kxb5 Kf3 53. c6 f5 54. Be1 f4 55. Bc3 Bb8 56. h4 Kg4 57. Kc4 Kxh4 58. Kd5 e3 59. Ke4 Kg3 60. Kd3 Kf2 61. Bd4 Bc7 62. Bc5 Kf3 63. Ba7 e2 0-1

[Event "Donau op 27th"]
[Site "Aschach"]
[Date "2018.12.30"]
[Round "6"]
[White "Sandhoefner, Florian"]
[Black "Liepold, Stefan"]
[Result "1-0"]
[WhiteElo "2334"]
[BlackElo "2164"]
[PlyCount "55"]
[EventDate "2018.12.26"]
[EventType "swiss"]
[EventRounds "7"]
[EventCountry "AUT"]
[SourceTitle "CBM 188 Extra"]
[Source "ChessBase"]
[SourceDate "2019.02.26"]
[SourceVersion "1"]
[SourceVersionDate "2019.02.26"]
[SourceQuality "1"]

1. e4 e6 2. d4 d5 3. Nd2 c5 4. exd5 exd5 5. Bb5+ Bd7 6. Qe2+ Be7 7. dxc5 Nf6 8. Nb3 0-0 9. Nf3 Re8 10. Be3 a6 11. Bd3 a5 12. a4 Ng4 13. 0-0 Na6 14. Bxa6 Rxa6 15. Rfd1 Nxe3 16. Qxe3 Bg4 17. c4 Bf6 18. Rxd5 Qc8 19. Qd3 Bxb2 20. Rd1 Bf6 21. Nbd4 Be6 22. Nxe6 fxe6 23. Rd7 Rc6 24. Nd2 Rc7 25. Ne4 Rxd7 26. Qxd7 Qxd7 27. Rxd7 Rb8 28. g3 1-0

[Event "Regionalliga Nord-Ost 1819"]
[Site "Bayern"]
[Date "2018.11.11"]
[Round "2.2"]
[White "Engelmann, Wolfgang"]
[Black "Liepold, Stefan"]
[Result "0-1"]
[WhiteElo "2053"]
[BlackElo "2161"]
[PlyCount "66"]
[EventDate "2018.10.21"]
[EventType "team-tourn"]
[EventRounds "9"]
[EventCountry "GER"]
[SourceTitle "EXT 2022"]
[Source "ChessBase"]
[SourceDate "2021.10.06"]
[SourceVersion "1"]
[SourceVersionDate "2021.10.06"]
[SourceQuality "1"]
[WhiteTeam "Rothenburg"]
[BlackTeam "Erlangen SC II"]
[WhiteTeamCountry "GER"]
[BlackTeamCountry "GER"]

1. d4 Nf6 2. Nf3 g6 3. c4 Bg7 4. Nc3 d5 5. Bf4 0-0 6. e3 c5 7. dxc5 Qa5 8. Be2 dxc4 9. 0-0 Qxc5 10. Rc1 Nc6 11. Qa4 Nh5 12. Bc7 Be6 13. Nd2 Rac8 14. Nde4 Qb4 15. Bxh5 Rxc7 16. Bf3 Qxa4 17. Nxa4 Ne5 18. Be2 Rfc8 19. Ng5 Bf5 20. e4 Bd7 21. Nc3 e6 22. f4 Nd3 23. Bxd3 Bd4+ 24. Kh1 cxd3 25. e5 Bxc3 26. bxc3 Rxc3 27. Rxc3 Rxc3 28. Ne4 Rc4 29. Nd6 Rc2 30. a3 d2 31. Ne4 Bb5 32. Rd1 Rc1 33. Nf2 Be2 0-1

[Event "BL2-Ost 1718"]
[Site "Germany"]
[Date "2017.12.09"]
[Round "5.7"]
[White "Liepold, Stefan"]
[Black "Koepke, Elena"]
[Result "1-0"]
[WhiteElo "2168"]
[BlackElo "2309"]
[PlyCount "113"]
[EventDate "2017.10.21"]
[EventType "team-tourn"]
[EventRounds "10"]
[EventCountry "GER"]
[SourceTitle "CBM 183 Extra"]
[Source "ChessBase"]
[SourceDate "2018.04.19"]
[SourceVersion "1"]
[SourceVersionDate "2018.04.19"]
[SourceQuality "1"]
[WhiteTeam "Erlangen"]
[BlackTeam "Garching"]
[WhiteTeamCountry "GER"]
[BlackTeamCountry "GER"]

1. e4 e5 2. Nf3 Nc6 3. Bb5 a6 4. Ba4 Nf6 5. 0-0 Be7 6. Re1 b5 7. Bb3 0-0 8. h3 Bb7 9. d3 d5 10. exd5 Nxd5 11. Nbd2 Qd7 12. a4 Rae8 13. axb5 axb5 14. Ne4 h6 15. Bd2 Kh7 16. Nc3 Nxc3 17. Bxc3 Bf6 18. Bd2 Bd8 19. c4 bxc4 20. dxc4 e4 21. Nh2 f5 22. Ba4 Bf6 23. Qb3 Rb8 24. Bc3 Qf7 25. Rad1 Ba8 26. Qc2 Ne5 27. Bxe5 Bxe5 28. b3 Qg6 29. Nf1 f4 30. Bd7 Rbd8 31. c5 f3 32. g4 Rxd7 33. Rxd7 h5 34. Ne3 Bf4 35. Nd5 hxg4 36. Qxe4 Bxd5 37. Rxd5 Qxe4 38. Rxe4 gxh3 39. Rh5+ Kg6 40. Rxh3 Kf5 41. Rd4 Ke5 42. Rd7 Bh6 43. Rxc7 Rf6 44. Rd7 Ke4 45. b4 Re6 46. Rd1 Rf6 47. Rd6 Rf8 48. Re6+ Kd5 49. Rg6 Rf4 50. Rgg3 Rxb4 51. Rh5+ Kc6 52. Rxf3 Rc4 53. Rf8 Rg4+ 54. Kf1 Rg6 55. Rc8+ Kd7 56. Ra8 Bg5 57. Ra7+ 1-0

[Event "Teplice op 12th"]
[Site "Teplice"]
[Date "2017.06.12"]
[Round "3"]
[White "Liepold, Stefan"]
[Black "Bajarani, Ulvi"]
[Result "1/2-1/2"]
[WhiteElo "2186"]
[BlackElo "2486"]
[PlyCount "196"]
[EventDate "2017.06.10"]
[EventType "swiss"]
[EventRounds "9"]
[EventCountry "CZE"]
[SourceTitle "CBM 178 Extra"]
[Source "ChessBase"]
[SourceDate "2017.06.22"]
[SourceVersion "1"]
[SourceVersionDate "2017.06.22"]
[SourceQuality "1"]

1. e4 e6 2. d4 d5 3. Nc3 Bb4 4. e5 c5 5. a3 Bxc3+ 6. bxc3 Ne7 7. h4 Qc7 8. h5 h6 9. Bd2 Bd7 10. Bd3 c4 11. Bf1 Ba4 12. Rc1 Nbc6 13. Qg4 Rg8 14. Qf4 Kd7 15. Be2 Raf8 16. Nh3 Kc8 17. Bg4 Qb6 18. 0-0 Qb2 19. Rb1 Qxc2 20. Rfc1 Qe4 21. f3 Qxf4 22. Nxf4 Rh8 23. Be1 b5 24. Bh4 Kd7 25. Bxe7 Nxe7 26. Kf2 a5 27. Rb2 Rb8 28. Ke2 Rb6 29. Kd2 Rhb8 30. Rcb1 Ke8 31. Ne2 Nc6 32. f4 b4 33. axb4 axb4 34. cxb4 Bb3 35. Ra1 Nxb4 36. f5 exf5 37. Bxf5 Nc6 38. Kc3 R6b7 39. Nf4 Na7 40. Ne2 Nb5+ 41. Kd2 Rc7 42. Ke3 Ra7 43. Rxa7 Nxa7 44. Nc3 Rd8 45. Rb1 Nc6 46. Nb5 Ke7 47. Ra1 Kf8 48. Ra6 Ne7 49. Bg4 Bc2 50. Nd6 Rb8 51. Ra7 g6 52. hxg6 Bxg6 53. Rc7 h5 54. Bh3 Rb3+ 55. Kf4 c3 56. Bf5 Bxf5 57. Nxf5 Rb4 58. Rxc3 Nxf5 59. Kxf5 Rxd4 60. Rh3 h4 61. g3 hxg3 62. Rxg3 Rd1 63. e6 Rf1+ 64. Ke5 Re1+ 65. Kxd5 Rxe6 66. Rg5 Re1 67. Re5 Rf1 68. Ke4 Kg7 69. Rf5 Rg1 70. Kf3 Kg6 71. Ra5 Rb1 72. Kf2 Rb4 73. Ra3 f5 74. Kf1 Kg5 75. Rc3 Kf4 76. Ra3 Rd4 77. Rb3 Kg4 78. Ra3 Rf4+ 79. Kg2 Rb4 80. Kf2 Kg5 81. Rc3 Rh4 82. Ra3 Kg4 83. Rg3+ Kf4 84. Rf3+ Ke5 85. Ra3 Rh2+ 86. Kf1 Kf4 87. Ra4+ Kg5 88. Ra3 Rb2 89. Rc3 f4 90. Ra3 Rh2 91. Rb3 Kg4 92. Ra3 Rh5 93. Kf2 Rb5 94. Rc3 Rb1 95. Ra3 Rb4 96. Rc3 Ra4 97. Rb3 f3 98. Rb8 Ra2+ 1/2-1/2

[Event "BL2-Ost 1617"]
[Site "Germany"]
[Date "2017.03.19"]
[Round "9.6"]
[White "Liepold, Stefan"]
[Black "Krensing, Jan"]
[Result "0-1"]
[WhiteElo "2188"]
[BlackElo "2325"]
[PlyCount "78"]
[EventDate "2016.10.14"]
[EventType "team-tourn"]
[EventRounds "10"]
[EventCountry "GER"]
[SourceTitle "CBM 177 Extra"]
[Source "ChessBase"]
[SourceDate "2017.04.27"]
[SourceVersion "1"]
[SourceVersionDate "2017.04.27"]
[SourceQuality "1"]
[WhiteTeam "Erlangen"]
[BlackTeam "Bindlach"]
[WhiteTeamCountry "GER"]
[BlackTeamCountry "GER"]

1. e4 c5 2. Nf3 Nc6 3. d4 cxd4 4. Nxd4 g6 5. c4 Bg7 6. Be3 Nf6 7. Nc3 0-0 8. Be2 d6 9. 0-0 Bd7 10. Qd2 Nxd4 11. Bxd4 Bc6 12. f3 a5 13. Kh1 Nd7 14. Bxg7 Kxg7 15. f4 a4 16. Rae1 Qa5 17. Bg4 Rad8 18. Re3 Nf6 19. Be2 e6 20. Qe1 Qb6 21. Qc1 Qc5 22. b3 Kg8 23. Bf3 axb3 24. axb3 Ra8 25. Rd3 Rfd8 26. Rfd1 Qb4 27. Qb2 Qa3 28. Qf2 Rd7 29. Qh4 Ne8 30. Ne2 Qc5 31. Nd4 Ra2 32. e5 dxe5 33. fxe5 Bxf3 34. gxf3 Qxe5 35. Qh6 Ng7 36. Qh3 Nh5 37. Qh4 Qf4 38. Qh3 Qe5 39. Qg4 Qxh2# 0-1

[Event "Donau op 25th"]
[Site "Aschach"]
[Date "2016.12.28"]
[Round "4"]
[White "Bulmaga, Irina"]
[Black "Liepold, Stefan"]
[Result "1-0"]
[WhiteElo "2402"]
[BlackElo "2191"]
[PlyCount "81"]
[EventDate "2016.12.26"]
[EventType "swiss"]
[EventRounds "7"]
[EventCountry "AUT"]
[SourceTitle "CBM 176 Extra"]
[Source "ChessBase"]
[SourceDate "2017.03.02"]
[SourceVersion "1"]
[SourceVersionDate "2017.03.02"]
[SourceQuality "1"]

1. e4 e6 2. d4 d5 3. Nc3 Nf6 4. Bg5 Bb4 5. e5 h6 6. Bh4 g5 7. Bg3 Ne4 8. Nge2 c5 9. a3 Bxc3+ 10. Nxc3 Nxc3 11. bxc3 Qa5 12. Qd2 Nc6 13. h4 Rg8 14. Rb1 cxd4 15. cxd4 Qxd2+ 16. Kxd2 Nxd4 17. hxg5 hxg5 18. Rh7 b6 19. Rb4 Nc6 20. Rg4 Bd7 21. Rxg5 Rxg5 22. Rh8+ Ke7 23. Rxa8 Rg4 24. Rh8 Rxg3 25. fxg3 Nxe5 26. Ra8 b5 27. Rxa7 Kd6 28. Be2 f5 29. Ke3 Bc6 30. Kf4 Nc4 31. Bxc4 bxc4 32. c3 e5+ 33. Ke3 Kc5 34. Rf7 d4+ 35. Kd2 Be4 36. a4 Kd6 37. a5 Ke6 38. Rc7 Bxg2 39. cxd4 exd4 40. Rxc4 Kd5 41. Rc1 1-0

[Event "BL2-Ost 1617"]
[Site "Germany"]
[Date "2016.11.20"]
[Round "4.6"]
[White "Liepold, Stefan"]
[Black "Raps, Johannes"]
[Result "0-1"]
[WhiteElo "2188"]
[BlackElo "2182"]
[PlyCount "88"]
[EventDate "2016.10.14"]
[EventType "team-tourn"]
[EventRounds "10"]
[EventCountry "GER"]
[SourceTitle "CBM 177 Extra"]
[Source "ChessBase"]
[SourceDate "2017.04.27"]
[SourceVersion "1"]
[SourceVersionDate "2017.04.27"]
[SourceQuality "1"]
[WhiteTeam "Erlangen"]
[BlackTeam "Bad Mergentheim"]
[WhiteTeamCountry "GER"]
[BlackTeamCountry "GER"]

1. e4 d6 2. d4 g6 3. Nc3 Bg7 4. Be3 Nf6 5. Qd2 Ng4 6. Bg5 h6 7. Bh4 Nd7 8. Be2 Ngf6 9. f4 c5 10. d5 Qb6 11. Nf3 0-0 12. 0-0 Re8 13. a4 a6 14. Kh1 Qb4 15. Qd3 Nh5 16. Bg3 Nxg3+ 17. hxg3 Qxb2 18. e5 dxe5 19. Rfb1 e4 20. Nxe4 Qxa1 21. Rxa1 Bxa1 22. c3 f5 23. Ned2 b5 24. Nh4 Nf8 25. g4 e6 26. d6 b4 27. gxf5 exf5 28. cxb4 cxb4 29. Nc4 Bf6 30. Nf3 Be6 31. Nfe5 Rab8 32. Nc6 Rbc8 33. Bf3 Kg7 34. N4e5 Bd7 35. Nxd7 Nxd7 36. Nxb4 Rc1+ 37. Kh2 Ree1 38. g3 Rb1 39. Nc2 Rec1 40. Ne3 Rb2+ 41. Ng2 Nc5 42. Qd5 Ne4 43. Qa8 Nf2 44. Qa7+ Kh8 0-1

[Event "GER-ch 87th"]
[Site "Luebeck"]
[Date "2016.10.29"]
[Round "9"]
[White "Schroeder, Christoph"]
[Black "Liepold, Stefan"]
[Result "1-0"]
[WhiteElo "2193"]
[BlackElo "2188"]
[PlyCount "117"]
[EventDate "2016.10.21"]
[EventType "swiss"]
[EventRounds "9"]
[EventCountry "GER"]
[SourceTitle "EXT 2018"]
[Source "ChessBase"]
[SourceDate "2017.10.13"]
[SourceVersion "1"]
[SourceVersionDate "2017.10.13"]
[SourceQuality "1"]

1. e4 e6 2. d4 d5 3. Nc3 Bb4 4. e5 c5 5. a3 Bxc3+ 6. bxc3 Ne7 7. Qg4 cxd4 8. Qxg7 Rg8 9. Qxh7 Qc7 10. Ne2 Nbc6 11. f4 dxc3 12. Qd3 d4 13. Nxd4 Nxd4 14. Qxd4 Bd7 15. Rg1 Nf5 16. Qf2 Qc6 17. Bd3 Qd5 18. Rb1 Bc6 19. Rb3 0-0-0 20. Rxc3 Kb8 21. Qc5 Rxg2 22. Qxd5 Rxg1+ 23. Kf2 Bxd5 24. Kxg1 Rg8+ 25. Kf1 Ne7 26. Be2 Be4 27. Bf3 Nd5 28. Rb3 Bxc2 29. Bxd5 exd5 30. Rg3 Rh8 31. Kg1 d4 32. Rg7 Rc8 33. Bd2 Bb3 34. f5 a5 35. h4 Rh8 36. Rg4 b6 37. Rxd4 Kc7 38. Bg5 b5 39. Kh2 Bc2 40. Rf4 Kc6 41. Rf2 Be4 42. e6 fxe6 43. fxe6 Re8 44. e7 b4 45. axb4 axb4 46. Rf8 Kd7 47. Rf4 Bg6 48. Rxb4 Ra8 49. Rd4+ Kc6 50. Kg3 Ra1 51. Be3 Ra5 52. Bf4 Bh5 53. Rd6+ Kc5 54. Rd8 Ra3+ 55. Kg2 Ra2+ 56. Bd2 Ra4 57. Rh8 Bf7 58. Kf3 Kd6 59. Bg5 1-0

[Event "GER-ch 87th"]
[Site "Luebeck"]
[Date "2016.10.28"]
[Round "8"]
[White "Liepold, Stefan"]
[Black "Hirneise, Jens"]
[Result "0-1"]
[WhiteElo "2188"]
[BlackElo "2324"]
[PlyCount "110"]
[EventDate "2016.10.21"]
[EventType "swiss"]
[EventRounds "9"]
[EventCountry "GER"]
[SourceTitle "EXT 2018"]
[Source "ChessBase"]
[SourceDate "2017.10.13"]
[SourceVersion "1"]
[SourceVersionDate "2017.10.13"]
[SourceQuality "1"]

1. e4 c5 2. Nf3 Nc6 3. d4 cxd4 4. Nxd4 Nf6 5. Nc3 d6 6. Bc4 e6 7. 0-0 Be7 8. a3 0-0 9. Ba2 Bd7 10. Kh1 Nxd4 11. Qxd4 Bc6 12. f3 d5 13. e5 Nd7 14. Bf4 b5 15. Ne2 a5 16. Qd2 b4 17. Nd4 Qb6 18. c3 Rfc8 19. c4 dxc4 20. Bxc4 Bb7 21. b3 Rd8 22. axb4 Bxb4 23. Qf2 Bc5 24. Rfd1 Nb8 25. Be3 Nc6 26. Nc2 Rxd1+ 27. Rxd1 Bxe3 28. Qxe3 Qxe3 29. Nxe3 Nxe5 30. Be2 g5 31. Kg1 Kf8 32. Rd4 Ke7 33. h4 h6 34. hxg5 hxg5 35. Kf2 Bc6 36. Ng4 Nd7 37. Bc4 a4 38. bxa4 Rxa4 39. Ne3 Nb6 40. f4 gxf4 41. Rxf4 Bb5 42. Rxf7+ Kxf7 43. Bxb5 Rb4 44. Bc6 Kf6 45. Kf3 Kg5 46. Be4 Rb3 47. Bc2 Rc3 48. Ke4 Rc5 49. Bb3 Nd7 50. Ba4 Nf6+ 51. Kd4 Ra5 52. Bb3 e5+ 53. Kd3 Kf4 54. Nc4 e4+ 55. Ke2 Rg5 0-1

[Event "GER-ch 87th"]
[Site "Luebeck"]
[Date "2016.10.26"]
[Round "6"]
[White "Metz, Hartmut"]
[Black "Liepold, Stefan"]
[Result "0-1"]
[WhiteElo "2284"]
[BlackElo "2188"]
[PlyCount "144"]
[EventDate "2016.10.21"]
[EventType "swiss"]
[EventRounds "9"]
[EventCountry "GER"]
[SourceTitle "EXT 2018"]
[Source "ChessBase"]
[SourceDate "2017.10.13"]
[SourceVersion "1"]
[SourceVersionDate "2017.10.13"]
[SourceQuality "1"]

1. c4 e5 2. Nc3 Nf6 3. g3 d5 4. cxd5 Nxd5 5. Bg2 Nb6 6. Nf3 Nc6 7. 0-0 Be7 8. d3 0-0 9. a3 Be6 10. b4 a5 11. b5 Nd4 12. Rb1 f6 13. Nd2 Qc8 14. e3 Nf5 15. Nde4 Rd8 16. Qc2 a4 17. Re1 Kh8 18. Bb2 Qd7 19. Bf1 Bb3 20. Qe2 Nh6 21. Rbc1 Rac8 22. Nd2 Be6 23. Nc4 Nd5 24. Nxd5 Bxd5 25. b6 c6 26. Nd2 Ra8 27. Ne4 Ra6 28. Nc5 Bxc5 29. Rxc5 Rxb6 30. Ra5 Rb3 31. Rxa4 c5 32. Rh4 Nf5 33. Rh3 Be6 34. g4 Nh6 35. f3 Nxg4 36. Qc2 Nxe3 37. Rxe3 Rxb2 38. Qxb2 Bxh3 39. Bxh3 Qxh3 40. Qxb7 Qh4 41. Qe4 Qg5+ 42. Kf2 Qh5 43. Kg3 Qe8 44. Qc4 Qc6 45. Re2 h6 46. Rc2 Qd6 47. Kf2 e4 48. fxe4 Qxh2+ 49. Ke1 Qg3+ 50. Kd2 Qf2+ 51. Kd1 Qf3+ 52. Kd2 Rd4 53. Qb3 Qf4+ 54. Ke2 Qh2+ 55. Kd1 Qg3 56. Kd2 Rxe4 57. Kc1 Re1+ 58. Kb2 Qe5+ 59. Rc3 Re2+ 60. Kb1 f5 61. Rc2 Re1+ 62. Rc1 f4 63. Qf7 Rxc1+ 64. Kxc1 Qc3+ 65. Kb1 Qxd3+ 66. Kb2 f3 67. a4 c4 68. a5 c3+ 69. Kb3 Kh7 70. a6 Qxa6 71. Qxf3 Qb6+ 72. Kxc3 Qf6+ 0-1